000 00431nam a22001457a 4500
020 _qHB.
040 _cFIZZA ISHAQ
082 _a510.2462
_bKRE
100 _a Kreyszig, Erwin.
245 _aAdvanced Engineering Mathematics, International Student Version /
_c Erwin Kreyszig.
250 _a10TH ED.
260 _aNEW YORK:
_b Wiley,
_c2011.
300 _a1001 X A1- A 97 index Inc
_c 8.07 x 1.38 x 10.04 inches
942 _2ddc
_cBK
999 _c616433
_d616433